Convenio colectivo de trabajo para los docentes de las universidades nacionales : introducción, marco teórico y articulado /
Guardado en:
| Formato: | Libro |
|---|---|
| Publicado: |
Buenos Aires :
Federación Nacional de Docentes, Investigadores y Creadores Universitarios ,
2014
|
| Materias: | |
| Etiquetas: |
Agregar Etiqueta
Sin Etiquetas, Sea el primero en etiquetar este registro!
|
| LEADER | 00805nam a22001935a 4500 | ||
|---|---|---|---|
| 001 | CEM.cems014616 | ||
| 005 | 20150806153125.0 | ||
| 008 | 130507s2014##################000#0#####d | ||
| 003 | CEMS | ||
| 082 | 0 | 4 | |a F378 |
| 245 | 0 | 0 | |a Convenio colectivo de trabajo para los docentes de las universidades nacionales : |b introducción, marco teórico y articulado / |c Federación Nacional de Docentes, Investigadores y Creadores Universitarios |
| 260 | |a Buenos Aires : |b Federación Nacional de Docentes, Investigadores y Creadores Universitarios , |c 2014 | ||
| 300 | |a 56 p. | ||
| 653 | |a Convenio colectivo de trabajo | ||
| 653 | |a Universidades nacionales | ||
| 653 | |a Aduns | ||
| 653 | |a Conadu | ||
| 859 | |a CEMS |b BIB. CEMS - 11 de abril |h F378 |i 7 |p 2826.44 |t Ej.1 | ||
| 859 | |a CEMS |b BIB. CEMS - 11 de abril |h F378 |i 7 |p 2827.44 |t Ej.2 | ||
